[Event "PMPJ 11"]
[Site "?"]
[Date "2015.11.11"]
[Round "5.1"]
[White "Wolaniecki, Patryk"]
[Black "Niedbala, Bartlomiej"]
[Result "1-0"]
[BlackElo "1403"]
[WhiteElo "1490"]
[LiveChessVersion "1.4.6"]

1. e4 {[%clk 1:30:59]} e5 {[%clk 1:30:59]} 2. Nf3 {[%clk 1:31:21]} Nc6
{[%clk 1:31:26]} 3. d4 {[%clk 1:31:43]} exd4 {[%clk 1:31:52]} 4. Nxd4
{[%clk 1:31:08]} Nf6 {[%clk 1:32:09]} 5. Nc3 {[%clk 1:31:31]} Bb4
{[%clk 1:32:07]} 6. Nxc6 {[%clk 1:31:53]} bxc6 {[%clk 1:32:31]} 7. Bd3
{[%clk 1:32:20]} d5 {[%clk 1:32:51]} 8. exd5 {[%clk 1:32:39]} cxd5
{[%clk 1:33:16]} 9. O-O {[%clk 1:33:05]} O-O {[%clk 1:33:43]} 10. Bg5
{[%clk 1:33:13]} c6 {[%clk 1:33:48]} 11. Qf3 {[%clk 1:33:16]} Be7
{[%clk 1:33:37]} 12. h3 {[%clk 1:32:25]} Be6 {[%clk 1:33:21]} 13. Rad1
{[%clk 1:23:49]} Rb8 {[%clk 1:33:01]} 14. b3 {[%clk 1:23:06]} h6 {[%clk 1:28:46]}
15. Bf4 {[%clk 1:23:10]} Bd6 {[%clk 1:29:06]} 16. Ne2 {[%clk 1:16:28]} a5
{[%clk 1:28:34]} 17. Nd4 {[%clk 1:12:12]} Bxf4 {[%clk 1:28:08]} 18. Qxf4
{[%clk 1:12:41]} Qd7 {[%clk 1:27:49]} 19. Rfe1 {[%clk 1:08:55]} Rfe8
{[%clk 1:27:44]} 20. Bf5 {[%clk 0:57:22]} Bxf5 {[%clk 1:28:02]} 21. Nxf5
{[%clk 0:57:18]} Ne4 {[%clk 1:27:26]} 22. Rxe4 {[%clk 0:56:41]} Rxe4
{[%clk 1:25:43]} 23. Qxe4 {[%clk 0:55:33]} Rb4 {[%clk 1:25:12]} 24. Qf3
{[%clk 0:53:53]} Qc7 {[%clk 1:25:16]} 25. Qg3 {[%clk 0:54:03]} Qxg3
{[%clk 1:25:31]} 26. Nxg3 {[%clk 0:54:32]} a4 {[%clk 1:25:47]} 27. Nf5
{[%clk 0:54:52]} Kh7 {[%clk 1:26:06]} 28. Rd4 {[%clk 0:53:44]} axb3
{[%clk 1:26:17]} 29. axb3 {[%clk 0:53:58]} Rb8 {[%clk 1:26:37]} 30. Ne3
{[%clk 0:53:52]} Kg6 {[%clk 1:27:01]} 31. Ra4 {[%clk 0:53:53]} Rb6
{[%clk 1:27:14]} 32. Kf1 {[%clk 0:52:15]} Kf6 {[%clk 1:27:32]} 33. Ra7
{[%clk 0:51:20]} h5 {[%clk 1:27:47]} 34. Rd7 {[%clk 0:50:44]} Ke6
{[%clk 1:28:03]} 35. Rc7 {[%clk 0:50:30]} g6 {[%clk 1:28:30]} 36. Nd1
{[%clk 0:50:04]} f6 {[%clk 1:28:44]} 37. Nc3 {[%clk 0:50:28]} Kd6
{[%clk 1:28:23]} 38. Rg7 {[%clk 0:50:50]} g5 {[%clk 1:28:44]} 39. Na4
{[%clk 0:50:38]} Rb5 {[%clk 1:28:53]} 40. Rh7 {[%clk 0:44:20]} h4
{[%clk 1:29:12]} 41. f4 {[%clk 0:42:07]} d4 {[%clk 1:29:32]} 42. fxg5
{[%clk 0:37:48]} fxg5 {[%clk 1:29:54]} 43. Rh6+ {[%clk 0:38:00]} Kd5
{[%clk 1:29:58]} 44. c4+ {[%clk 0:38:17]} dxc3 {[%clk 1:29:51]} 45. Nxc3+
{[%clk 0:38:40]} Kc5 {[%clk 1:29:01]} 46. Nxb5 Kxb5 {[%clk 1:29:25]} 47. Ke2
{[%clk 0:37:35]} c5 {[%clk 1:29:16]} 48. Kd3 {[%clk 0:37:56]} Kb4
{[%clk 1:29:34]} 49. Kc2 {[%clk 0:38:22]} c4 {[%clk 1:29:54]} 50. bxc4
{[%clk 0:38:18]} Kxc4 {[%clk 1:30:21]} 51. Rh5 {[%clk 0:39:13]} g4
{[%clk 1:29:37]} 52. Rxh4 {[%clk 0:37:55]} 1-0

[Event "PMPJ 11"]
[Site "?"]
[Date "2015.11.11"]
[Round "5.2"]
[White "Mechlinski, Jakub"]
[Black "Norek, Bartosz"]
[Result "1/2-1/2"]
[BlackElo "1542"]
[WhiteElo "1818"]
[LiveChessVersion "1.4.6"]

1. e4 {[%clk 1:29:58]} Nc6 {[%clk 1:30:47]} 2. d4 {[%clk 1:30:15]} d5
{[%clk 1:31:10]} 3. e5 {[%clk 1:29:50]} Bf5 {[%clk 1:31:20]} 4. c3
{[%clk 1:28:59]} e6 {[%clk 1:26:51]} 5. Nf3 {[%clk 1:28:53]} f6 {[%clk 1:19:59]}
6. Bf4 {[%clk 1:23:30]} fxe5 {[%clk 1:03:27]} 7. Nxe5 {[%clk 1:23:42]} Nxe5
{[%clk 1:03:49]} 8. Bxe5 {[%clk 1:24:06]} Nf6 {[%clk 1:04:03]} 9. Bd3
{[%clk 1:24:05]} Bxd3 {[%clk 1:01:59]} 10. Qxd3 {[%clk 1:23:39]} Qd7
{[%clk 0:58:58]} 11. Nd2 {[%clk 1:22:29]} Be7 {[%clk 0:57:50]} 12. Qg3
{[%clk 1:22:26]} O-O-O {[%clk 0:51:22]} 13. O-O-O {[%clk 1:22:23]} Rhg8
{[%clk 0:43:35]} 14. f3 {[%clk 1:20:16]} b6 {[%clk 0:33:42]} 15. Kb1
{[%clk 1:17:07]} Kb7 {[%clk 0:30:16]} 16. Rhe1 {[%clk 1:17:16]} g5
{[%clk 0:28:06]} 17. h3 {[%clk 1:12:00]} h6 18. Re3 {[%clk 1:11:46]} Nh5
{[%clk 0:20:25]} 19. Qh2 {[%clk 1:11:46]} Rge8 {[%clk 0:19:11]} 20. Nb3
{[%clk 1:07:47]} a5 {[%clk 0:19:05]} 21. g4 {[%clk 1:07:37]} Nf6 {[%clk 0:15:33]}
22. Qe2 {[%clk 1:06:22]} a4 {[%clk 0:13:42]} 23. Nc1 {[%clk 1:05:45]} Qc6
{[%clk 0:13:55]} 24. a3 {[%clk 1:05:07]} Nd7 {[%clk 0:12:18]} 25. Re1
{[%clk 1:04:54]} Qc4 {[%clk 0:09:36]} 26. Qxc4 {[%clk 1:03:17]} dxc4
{[%clk 0:10:04]} 27. Bxc7 {[%clk 1:02:55]} Kxc7 {[%clk 0:10:19]} 28. Rxe6
{[%clk 1:03:19]} Rf8 {[%clk 0:09:59]} 29. Rxe7 {[%clk 1:03:42]} Rxf3
{[%clk 0:10:24]} 30. R7e3 {[%clk 1:04:08]} Rdf8 {[%clk 0:10:36]} 31. Kc2
{[%clk 1:04:26]} Rf2+ {[%clk 0:09:54]} 32. Ne2 {[%clk 1:04:00]} Kd6
{[%clk 0:09:07]} 33. Kc1 {[%clk 1:02:51]} R8f3 {[%clk 0:06:35]} 34. Ng3
{[%clk 1:02:49]} Kc7 {[%clk 0:02:51]} 35. Nf5 {[%clk 1:01:27]} Rf1
{[%clk 0:02:01]} 36. Rxf1 {[%clk 1:00:40]} Rxf1+ {[%clk 0:02:26]} 37. Kd2
{[%clk 1:01:04]} h5 {[%clk 0:02:22]} 38. Ng3 {[%clk 1:01:27]} Rf2+
{[%clk 0:02:43]} 39. Re2 {[%clk 0:57:46]} Rf3 {[%clk 0:02:02]} 40. Nxh5
{[%clk 0:56:58]} Rxh3 {[%clk 0:02:21]} 41. Re7 {[%clk 0:55:00]} Kd6
{[%clk 0:01:52]} 42. Rg7 {[%clk 0:54:26]} Rh2+ {[%clk 0:01:45]} 43. Kc1
{[%clk 0:54:49]} Rh1+ {[%clk 0:02:10]} 44. Kc2 {[%clk 0:55:05]} Rh2+
{[%clk 0:02:34]} 45. Kb1 {[%clk 0:55:14]} Rh1+ {[%clk 0:01:27]} 46. Kc2 Rh2+
{[%clk 0:01:50]} 47. Kb1 {[%clk 0:35:49]} Rh1+ {[%clk 0:02:15]} 48. Ka2 Rg1 49.
Rxg5 Nb8 50. Rg6+ Kd5 51. Rxb6 Nc6 52. Rb5+ 1/2-1/2

[Event "PMPJ 11"]
[Site "?"]
[Date "2015.11.11"]
[Round "5.3"]
[White "Bartoszewski-reiski, Olaf"]
[Black "Trybus, Daniel"]
[Result "0-1"]
[BlackElo "1448"]
[WhiteElo "1425"]
[LiveChessVersion "1.4.6"]

1. e4 {[%clk 1:30:58]} d5 {[%clk 1:30:47]} 2. exd5 {[%clk 1:30:56]} Qxd5
{[%clk 1:30:59]} 3. Nc3 {[%clk 1:31:25]} Qd6 {[%clk 1:31:16]} 4. d4
{[%clk 1:31:48]} Nf6 {[%clk 1:31:24]} 5. Nf3 {[%clk 1:31:41]} Nc6
{[%clk 1:31:34]} 6. Bb5 {[%clk 1:31:52]} a6 {[%clk 1:31:28]} 7. Ba4
{[%clk 1:26:51]} b5 {[%clk 1:23:13]} 8. Bb3 {[%clk 1:27:06]} Bg4 {[%clk 1:22:27]}
9. Be3 {[%clk 1:20:58]} e6 {[%clk 1:17:33]} 10. h3 {[%clk 1:16:59]} Bf5
{[%clk 1:16:30]} 11. O-O {[%clk 1:11:32]} Be7 {[%clk 1:13:53]} 12. d5
{[%clk 1:08:16]} Ne5 {[%clk 1:13:56]} 13. Nd4 {[%clk 0:52:33]} b4
{[%clk 0:36:02]} 14. Nxf5 {[%clk 0:51:36]} exf5 {[%clk 0:36:18]} 15. Ne2
{[%clk 0:50:11]} g5 {[%clk 0:33:57]} 16. Re1 {[%clk 0:46:12]} f4 {[%clk 0:34:07]}
17. Nxf4 {[%clk 0:43:11]} gxf4 {[%clk 0:32:19]} 18. Bxf4 {[%clk 0:43:40]} Nfd7
{[%clk 0:31:07]} 19. Ba4 f6 {[%clk 0:29:01]} 20. Qh5+ {[%clk 0:42:55]} Kd8
{[%clk 0:29:23]} 21. Bxd7 {[%clk 0:42:20]} Qxd7 {[%clk 0:29:27]} 22. Bxe5
{[%clk 0:39:37]} fxe5 {[%clk 0:29:35]} 23. Qxe5 {[%clk 0:34:06]} Rg8
{[%clk 0:29:49]} 24. d6 {[%clk 0:29:06]} Bxd6 {[%clk 0:28:16]} 25. Qh5
{[%clk 0:24:59]} Kc8 {[%clk 0:28:10]} 26. Rad1 {[%clk 0:25:08]} Qg7
{[%clk 0:27:19]} 27. Qf5+ {[%clk 0:22:55]} Kb8 {[%clk 0:27:40]} 28. Qf3
{[%clk 0:22:38]} Ka7 {[%clk 0:27:03]} 29. Qe3+ {[%clk 0:21:46]} Kb7
{[%clk 0:26:04]} 30. Qe4+ {[%clk 0:21:46]} Kb6 {[%clk 0:26:04]} 31. a4
{[%clk 0:15:32]} Rae8 {[%clk 0:25:57]} 32. Qd5 {[%clk 0:13:28]} Rxe1+
{[%clk 0:26:02]} 33. Rxe1 {[%clk 0:13:55]} Rd8 {[%clk 0:26:08]} 34. a5+
{[%clk 0:13:14]} Ka7 {[%clk 0:26:28]} 35. Kh1 {[%clk 0:12:41]} Qxb2 36. Qc6 Qc3
{[%clk 0:25:34]} 37. Qe4 {[%clk 0:12:20]} Rd7 {[%clk 0:25:02]} 38. Re3
{[%clk 0:12:32]} Re7 0-1

[Event "PMPJ 11"]
[Site "?"]
[Date "2015.11.11"]
[Round "5.5"]
[White "Bartosik, Franciszek"]
[Black "Topola, Rafal"]
[Result "0-1"]
[WhiteElo "1183"]
[LiveChessVersion "1.4.6"]

1. e4 {[%clk 1:30:56]} c5 {[%clk 1:30:53]} 2. Nf3 {[%clk 1:28:31]} e6
{[%clk 1:31:07]} 3. d4 {[%clk 1:27:47]} cxd4 4. Nxd4 {[%clk 1:27:13]} Nc6
{[%clk 1:31:04]} 5. Be3 {[%clk 1:26:29]} Nf6 {[%clk 1:30:11]} 6. Nc3
{[%clk 1:26:38]} a6 {[%clk 1:29:05]} 7. Bd3 {[%clk 1:23:58]} Qc7 {[%clk 1:24:53]}
8. O-O {[%clk 1:24:09]} Ne5 {[%clk 1:23:34]} 9. f4 {[%clk 1:21:23]} Neg4
{[%clk 1:23:07]} 10. Qe1 {[%clk 1:21:16]} Nxe3 {[%clk 1:23:20]} 11. Qxe3
{[%clk 1:21:07]} d6 {[%clk 1:22:51]} 12. Kh1 {[%clk 1:21:05]} Be7
{[%clk 1:19:44]} 13. h3 {[%clk 1:19:55]} b5 {[%clk 1:17:12]} 14. a3
{[%clk 1:20:17]} Bb7 {[%clk 1:17:30]} 15. Be2 {[%clk 1:12:38]} Rc8
{[%clk 1:14:49]} 16. Bf3 {[%clk 1:12:04]} O-O {[%clk 1:09:40]} 17. g4
{[%clk 0:57:21]} Rfe8 {[%clk 1:07:09]} 18. g5 {[%clk 0:52:17]} Nd7
{[%clk 1:07:10]} 19. h4 {[%clk 0:43:44]} Bf8 {[%clk 1:05:13]} 20. h5
{[%clk 0:38:56]} Nb6 {[%clk 0:50:19]} 21. Rg1 {[%clk 0:38:23]} Nc4
{[%clk 0:49:26]} 22. Qc1 {[%clk 0:37:44]} Qb6 {[%clk 0:47:16]} 23. Nde2
{[%clk 0:36:02]} Na5 {[%clk 0:42:26]} 24. b4 {[%clk 0:35:54]} Nc6
{[%clk 0:42:24]} 25. Qb2 {[%clk 0:36:08]} Nd4 {[%clk 0:41:07]} 26. Raf1
{[%clk 0:32:35]} Nxf3 {[%clk 0:40:33]} 27. Rxf3 {[%clk 0:32:26]} Rc4
{[%clk 0:38:07]} 28. Rff1 {[%clk 0:27:41]} Bxe4+ {[%clk 0:36:42]} 29. Nxe4
{[%clk 0:27:57]} Rxe4 30. Ng3 {[%clk 0:26:34]} Rc4 {[%clk 0:36:43]} 31. f5
{[%clk 0:26:36]} Qb7+ {[%clk 0:36:18]} 32. Rg2 {[%clk 0:26:35]} exf5
{[%clk 0:34:17]} 33. Nxf5 {[%clk 0:26:49]} g6 {[%clk 0:32:58]} 34. Nh6+
{[%clk 0:25:29]} Bxh6 {[%clk 0:33:11]} 35. gxh6 {[%clk 0:25:56]} Re5
{[%clk 0:32:38]} 36. hxg6 {[%clk 0:20:01]} Rh4+ {[%clk 0:31:01]} 37. Kg1
{[%clk 0:20:06]} Qa7+ {[%clk 0:31:20]} 38. Rff2 {[%clk 0:18:45]} Re1#
{[%clk 0:31:32]} 0-1

[Date "2015.??.??"]
[Round "5.6"]
[White "Oborski, Artur"]
[Black "Celebias, Filip"]
[Result "1-0"]
[WhiteElo "1300"]
[BlackElo "1350"]
[PlyCount "33"]
[EventDate "2015.??.??"]

1. e4 c5 2. Nc3 a6 3. a4 Nc6 4. Nf3 g6 5. Bc4 Bg7 6. O-O e6 7. d3 Nge7 8. Re1
O-O 9. e5 b6 10. Bf4 Qc7 11. Ne4 Nxe5 12. Nxe5 Bxe5 13. Nf6+ Kg7 14. Bxe5 Qc6
15. Nxd7+ Kg8 16. Nxf8 Bb7 17. f3 1-0

[Date "2015.??.??"]
[Round "5.7"]
[White "Kujawa, Krzysztof"]
[Black "Stypka, Sebastian"]
[Result "1/2-1/2"]
[WhiteElo "1333"]
[BlackElo "1254"]
[PlyCount "56"]
[EventDate "2015.??.??"]

1. e4 e5 2. Bc4 Nf6 3. d3 c6 4. Nc3 d5 5. exd5 cxd5 6. Bb3 Bb4 7. Bd2 O-O 8.
Nge2 Nc6 9. O-O Bg4 10. f3 Bf5 11. Bg5 d4 12. Nd5 Be7 13. Nxe7+ Qxe7 14. Ng3
Be6 15. Ne4 Nb4 16. Nxf6+ gxf6 17. Bh6 Rfd8 18. Bxe6 Qxe6 19. Qe1 f5 20. Qxb4
Qxh6 21. Rfe1 Re8 22. b3 Rac8 23. Rac1 b6 24. Rf1 Kh8 25. Qb5 f6 26. Qd7 Rg8
27. Qxf5 Rc7 28. f4 Rcg7 {Zapis nieczytelny} 1/2-1/2

[Date "2015.??.??"]
[Round "5.8"]
[White "Kosior, Jan"]
[Black "Sypek, Szymon"]
[Result "1-0"]
[WhiteElo "1312"]
[BlackElo "1227"]
[PlyCount "45"]
[EventDate "2015.??.??"]

1. d4 Nf6 2. e3 g6 3. Bd3 Bg7 4. c4 O-O 5. Nc3 d6 6. f4 Nbd7 7. Nf3 c5 8. O-O
cxd4 9. exd4 b6 10. f5 Bb7 11. d5 Ng4 12. Ng5 Nge5 13. Bc2 Nxc4 14. Qg4 Nce5
15. Qh4 Nf6 16. fxg6 fxg6 17. Ne6 Qc8 18. Nxg7 Qc5+ 19. Kh1 Nxd5 20. Bf4 g5 21.
Qxh7+ Kf7 22. Bxe5+ Nf6 23. Bg6# 1-0

[Date "2015.??.??"]
[Round "5.9"]
[White "Wieczorek, Karol"]
[Black "Lokaj, Bartlomiej"]
[Result "1/2-1/2"]
[WhiteElo "1193"]
[BlackElo "1310"]
[PlyCount "87"]
[EventDate "2015.??.??"]

1. e4 e5 2. Nf3 Nf6 3. Nxe5 d6 4. Nf3 Nxe4 5. Nc3 Nxc3 6. dxc3 Be6 7. Bf4 Be7
8. Qd2 Qd7 9. Bd3 Nc6 10. O-O-O a6 11. Ng5 Bxg5 12. Bxg5 f6 13. Bf4 O-O-O 14.
Rhe1 Rde8 15. Re3 Re7 16. Kb1 Rhe8 17. Bxh7 g5 18. Bxg5 fxg5 19. Bd3 Bf5 20.
Rxe7 Rxe7 21. Qxg5 Bxd3 22. cxd3 Qe6 23. Qd2 Qe2 24. Kc2 d5 25. Qxe2 Rxe2+ 26.
Rd2 Re1 27. Rd1 Re2+ 28. Rd2 Re1 29. Rd1 Rxd1 30. Kxd1 Ne5 31. Ke2 Kd7 32. f4
Ng6 33. g3 Ke6 34. Kf3 c5 35. g4 Kf6 36. Kg3 b5 37. h4 a5 38. h5 Ne7 39. g5+
Kf5 40. g6 c4 41. d4 b4 42. a3 bxc3 43. bxc3 a4 44. Kf3 1/2-1/2

[Date "2015.??.??"]
[Round "5.10"]
[White "Kossowski, Pawel"]
[Black "Ullrich, Karol"]
[Result "1-0"]
[WhiteElo "1275"]
[PlyCount "65"]
[EventDate "2015.??.??"]

1. e4 e5 2. Nf3 Nc6 3. Bc4 Bc5 4. O-O Nf6 5. d4 exd4 6. e5 d5 7. exf6 dxc4 8.
Re1+ Be6 9. Ng5 Qxf6 10. Nxe6 fxe6 11. Qh5+ Qf7 12. Qxc5 e5 13. Nd2 Rf8 14. Rf1
O-O-O 15. Qxc4 Qxc4 16. Nxc4 e4 17. Re1 b5 18. Na3 d3 19. cxd3 exd3 20. Be3 Nd4
21. Bxd4 Rxd4 22. Rad1 Rfd8 23. Re7 a6 24. Nb1 Rg8 25. Nd2 Kd8 26. Re3 Re8 27.
Rxe8+ Kxe8 28. Nf3 Rc4 29. h3 Rb4 30. b3 Re4 31. Rxd3 Re2 32. Re3+ Rxe3 33.
fxe3 1-0

[Date "2015.??.??"]
[Round "5.11"]
[White "Horoszczak, Adam"]
[Black "Lazniewski, Tadeusz"]
[Result "0-1"]
[WhiteElo "1261"]
[BlackElo "1167"]
[PlyCount "92"]
[EventDate "2015.??.??"]

1. e4 e5 2. Nf3 Nc6 3. Bc4 Bc5 4. c3 Nf6 5. d4 exd4 6. cxd4 Bb4+ 7. Bd2 Bxd2+
8. Nbxd2 d5 9. exd5 Nxd5 10. O-O O-O 11. Re1 Bg4 12. Qc2 Bxf3 13. Nxf3 Nf6 14.
Rad1 Qd6 15. Qb3 Na5 16. Qc3 Nxc4 17. Qxc4 c6 18. Re2 Qd5 19. b3 Rfe8 20. Rde1
Rxe2 21. Rxe2 Re8 22. Qxd5 cxd5 23. Rxe8+ Nxe8 24. Kf1 Nf6 25. Ng5 h6 26. Nh3
g5 27. f4 Ne4 28. fxg5 hxg5 29. Nf2 Nxf2 30. Kxf2 f5 31. Kf3 b5 32. b4 Kg7 33.
h3 Kg6 34. g3 a6 35. a3 Kh6 36. Ke3 Kg6 37. h4 f4+ 38. gxf4 gxh4 39. Kf3 Kf5
40. Ke3 h3 41. Kf3 h2 42. Kg2 Kxf4 43. Kxh2 Ke3 44. Kg3 Kxd4 45. Kf3 Kc3 46.
Ke3 d4+ 0-1

[Date "2015.??.??"]
[Round "5.12"]
[White "Olsztynski, Jan"]
[Black "Zabron, Maksym"]
[Result "0-1"]
[WhiteElo "1114"]
[BlackElo "1468"]
[PlyCount "62"]
[EventDate "2015.??.??"]

1. e4 c5 2. Nf3 d6 3. d4 cxd4 4. Nxd4 Nf6 5. Nc3 g6 6. Be3 Bg7 7. f3 O-O 8. Bc4
Nc6 9. Bb3 Bd7 10. Qd2 Rc8 11. O-O-O Ne5 12. g4 Nc4 13. Bxc4 Rxc4 14. h4 h5 15.
g5 Ne8 16. f4 e6 17. Rdf1 e5 18. Nde2 exf4 19. Rxf4 b5 20. Bd4 b4 21. Qd3 Rxd4
22. Nxd4 bxc3 23. Qxc3 Qb6 24. Rd1 Nc7 25. Qc4 Bxd4 26. Rxd4 Ne6 27. e5 Nxf4
28. Rxf4 Bf5 29. exd6 Rc8 30. Qd5 Qe3+ 31. Qd2 Rxc2+ 0-1

[Date "2015.??.??"]
[Round "5.13"]
[White "Oles, Martin"]
[Black "Szydlo, Michal"]
[Result "1/2-1/2"]
[WhiteElo "1374"]
[BlackElo "1275"]
[PlyCount "89"]
[EventDate "2015.??.??"]

1. e4 c5 2. Nf3 e6 3. c3 d5 4. exd5 Qxd5 5. Na3 a6 6. Nc4 b5 7. Nb6 Qb7 8. Nxa8
Qxa8 9. Be2 Nf6 10. O-O Nc6 11. d4 c4 12. Ne5 Nxe5 13. dxe5 Nd7 14. Bf3 Qb8 15.
Bf4 Nxe5 16. Bc6+ Ke7 17. Qh5 Qc7 18. Qxe5 Qxc6 19. Qc7+ Qxc7 20. Bxc7 Kd7 21.
Be5 Bb7 22. Rad1+ Bd5 23. Bf4 Kc6 24. Rfe1 Bd6 25. Bxd6 Kxd6 26. h3 Kc6 27. Rb1
Kc5 28. f3 Rd8 29. Kf2 Kc6 30. Ke3 Kc5 31. Red1 Kc6 32. b3 Rd6 33. bxc4 Bxc4
34. Rxd6+ Kxd6 35. a3 Kc6 36. Rd1 Bd5 37. Kd3 Bc4+ 38. Kc2 Bd5 39. Kb2 f6 40.
Rg1 h5 41. f4 g6 42. g4 h4 43. g5 f5 44. Re1 Kc5 45. Rd1 1/2-1/2

[Date "2015.??.??"]
[Round "5.14"]
[White "Rybak, Igor"]
[Black "Wrona, Florian"]
[Result "1-0"]
[WhiteElo "1225"]
[BlackElo "1261"]
[PlyCount "93"]
[EventDate "2015.??.??"]

1. d4 d5 2. Nf3 Nf6 3. Bf4 Bg4 4. e3 e6 5. h3 Bxf3 6. gxf3 Bd6 7. Bxd6 cxd6 8.
Nc3 Nc6 9. e4 Qb6 10. Bb5 a6 11. Bxc6+ bxc6 12. b3 Qa5 13. Qd2 dxe4 14. fxe4
Rc8 15. O-O-O d5 16. f3 c5 17. Kb2 c4 18. Rhe1 cxb3 19. cxb3 h6 20. Qe3 O-O 21.
Na4 Nd7 22. Rc1 Rb8 23. Nc5 Nxc5 24. Rxc5 Rb5 25. Rec1 dxe4 26. fxe4 Rd8 27.
Rxb5 axb5 28. Rc5 Qb4 29. d5 exd5 30. exd5 Qa5 31. a4 Qa7 32. axb5 Ra8 33. Rc8+
Kh7 34. Qxa7 Rxa7 35. b6 Rb7 36. d6 Kg6 37. Rc7 Rxb6 38. d7 Rd6 39. Rc6 Rxc6
40. d8=Q Re6 41. Qd3+ f5 42. b4 Kg5 43. b5 Rf6 44. Qg3+ Kh5 45. Qxg7 Rg6 46.
Qxg6+ Kxg6 47. b6 1-0

[Date "2015.??.??"]
[Round "5.15"]
[White "Franc, Piotr"]
[Black "Wisniewski, Maciej"]
[Result "1-0"]
[WhiteElo "1187"]
[PlyCount "33"]
[EventDate "2015.??.??"]

1. e4 e5 2. Nf3 d5 3. exd5 e4 4. Qe2 Nf6 5. d3 Qxd5 6. dxe4 Nxe4 7. Ng5 Bf5 8.
f3 Nc6 9. fxe4 Qa5+ 10. Bd2 Bb4 11. exf5+ Ne5 12. Qb5+ Nc6 13. Qxa5 Bxa5 14.
Bxa5 Nxa5 15. Nc3 f6 16. Ne6 g6 17. Nxc7+ 1-0

[Date "2015.??.??"]
[Round "5.16"]
[White "Bednarczyk, Mateusz"]
[Black "Zaborowski, Maciej"]
[Result "1-0"]
[WhiteElo "1133"]
[BlackElo "1136"]
[PlyCount "55"]
[EventDate "2015.??.??"]

1. e4 e6 2. d4 d5 3. exd5 exd5 4. Nf3 Nc6 5. c4 Qe7+ 6. Be3 dxc4 7. Be2 Qb4+ 8.
Qd2 Nf6 9. Nc3 Be6 10. Bg5 Be7 11. O-O O-O 12. Rad1 Rad8 13. Qc2 h6 14. Bh4 Rd7
15. Ne5 Rd6 16. a4 Rfd8 17. Nxc6 Rxc6 18. Bxf6 Bxf6 19. d5 Rcd6 20. dxe6 Rxd1
21. exf7+ Kxf7 22. Rxd1 Rxd1+ 23. Bxd1 Bxc3 24. Bh5+ Kg8 25. Qxc3 Qxc3 26. bxc3
Kf8 27. Be2 Ke7 28. Bxc4 1-0

[Event "PMPJ 11"]
[Site "?"]
[Date "2015.11.11"]
[Round "6.1"]
[White "Mechlinski, Jakub"]
[Black "Wolaniecki, Patryk"]
[Result "1-0"]
[BlackElo "1490"]
[WhiteElo "1818"]
[LiveChessVersion "1.4.6"]

1. e4 {[%clk 1:29:22]} c5 {[%clk 1:30:50]} 2. Nf3 {[%clk 1:29:17]} d6
{[%clk 1:31:15]} 3. c3 {[%clk 1:29:29]} Nf6 {[%clk 1:31:41]} 4. h3
{[%clk 1:29:49]} Nc6 {[%clk 1:32:03]} 5. Bd3 {[%clk 1:30:08]} d5 {[%clk 1:32:25]}
6. e5 {[%clk 1:30:23]} Nd7 {[%clk 1:32:54]} 7. e6 {[%clk 1:30:20]} fxe6
{[%clk 1:32:18]} 8. Ng5 {[%clk 1:30:27]} Nf6 {[%clk 1:28:46]} 9. Bxh7
{[%clk 1:30:14]} Ne5 {[%clk 1:24:55]} 10. d4 {[%clk 1:25:50]} Nxh7
{[%clk 1:20:37]} 11. dxe5 {[%clk 1:23:36]} Nxg5 {[%clk 1:20:54]} 12. Bxg5
{[%clk 1:24:03]} Qc7 {[%clk 1:20:55]} 13. Bf4 {[%clk 1:23:42]} Bd7
{[%clk 1:20:10]} 14. Nd2 {[%clk 1:21:47]} O-O-O {[%clk 1:19:58]} 15. O-O
{[%clk 1:19:57]} g6 {[%clk 1:16:17]} 16. Re1 {[%clk 1:18:58]} Bh6
{[%clk 1:12:47]} 17. Qg4 {[%clk 1:17:16]} Bxf4 {[%clk 1:08:53]} 18. Qxf4
{[%clk 1:17:30]} Rdf8 {[%clk 1:08:36]} 19. Qe3 {[%clk 1:12:31]} Rf5
{[%clk 0:56:53]} 20. b4 {[%clk 1:08:13]} b6 {[%clk 0:55:10]} 21. Nb3
{[%clk 1:07:42]} c4 {[%clk 0:53:22]} 22. Nd4 {[%clk 1:07:47]} Rfh5
{[%clk 0:52:31]} 23. Qg3 {[%clk 1:07:44]} g5 {[%clk 0:48:58]} 24. Qg4
{[%clk 1:05:13]} R8h6 {[%clk 0:45:20]} 25. Re3 {[%clk 1:03:12]} Qd8
{[%clk 0:44:00]} 26. Kf1 {[%clk 1:02:12]} Qg8 {[%clk 0:36:41]} 27. Ke2
{[%clk 1:00:11]} Rh4 {[%clk 0:32:30]} 28. Qg3 {[%clk 1:00:27]} Rf4
{[%clk 0:32:10]} 29. f3 {[%clk 1:00:38]} Rhh4 {[%clk 0:32:00]} 30. Qe1
{[%clk 0:57:38]} Rxd4 {[%clk 0:25:30]} 31. cxd4 {[%clk 0:55:09]} Rxd4
{[%clk 0:25:59]} 32. Qc3 {[%clk 0:55:23]} Rh4 {[%clk 0:26:14]} 33. Rd1
{[%clk 0:55:19]} b5 {[%clk 0:24:35]} 34. Rd4 {[%clk 0:55:22]} Qh8
{[%clk 0:23:58]} 35. Rg4 {[%clk 0:55:28]} Rxg4 {[%clk 0:21:05]} 36. fxg4
{[%clk 0:55:46]} Qh7 {[%clk 0:21:05]} 37. Qb2 {[%clk 0:50:46]} a6
{[%clk 0:20:26]} 38. Kf2 {[%clk 0:50:07]} Kb7 {[%clk 0:19:02]} 39. Kg1
{[%clk 0:49:51]} Bc6 {[%clk 0:18:36]} 40. a3 Kc7 {[%clk 0:18:32]} 41. Kh2
{[%clk 0:49:16]} Qg7 {[%clk 0:18:10]} 42. Qd4 {[%clk 0:49:13]} Kb7
{[%clk 0:18:08]} 43. Rf3 {[%clk 0:49:29]} Qg8 {[%clk 0:17:44]} 44. h4
{[%clk 0:45:22]} Qh7 {[%clk 0:17:10]} 45. h5 {[%clk 0:44:18]} Qg7
{[%clk 0:17:25]} 46. Rh3 {[%clk 0:44:27]} Qh6 {[%clk 0:16:18]} 47. Qe3
{[%clk 0:44:29]} Be8 {[%clk 0:15:41]} 48. Kh1 {[%clk 0:44:28]} Bf7
{[%clk 0:15:04]} 49. Qc5 {[%clk 0:44:29]} Qf8 {[%clk 0:13:49]} 50. h6
{[%clk 0:44:50]} Bg6 {[%clk 0:14:09]} 51. h7 {[%clk 0:43:56]} Qf1+
{[%clk 0:13:45]} 52. Kh2 {[%clk 0:44:09]} Qf4+ {[%clk 0:13:46]} 53. Rg3
{[%clk 0:42:56]} Qxe5 {[%clk 0:14:01]} 54. Qxe7+ {[%clk 0:43:25]} Kc6 55. Qc5+
{[%clk 0:42:52]} Kb7 {[%clk 0:14:42]} 56. Qe7+ {[%clk 0:43:18]} Kc6
{[%clk 0:15:07]} 57. Qa7 {[%clk 0:42:16]} Qh8 {[%clk 0:10:46]} 58. Qxa6+
{[%clk 0:42:39]} Kc7 {[%clk 0:10:55]} 59. Qa7+ {[%clk 0:43:05]} Kc6
{[%clk 0:04:00]} 60. Qc5+ {[%clk 0:43:14]} Kd7 {[%clk 0:04:19]} 61. Qxb5+
{[%clk 0:43:13]} Ke7 {[%clk 0:04:18]} 62. Qc6 {[%clk 0:36:41]} Qxh7+
{[%clk 0:03:55]} 63. Rh3 {[%clk 0:35:57]} Qg8 {[%clk 0:03:21]} 64. Qc7+
{[%clk 0:36:15]} Ke8 {[%clk 0:01:32]} 65. Qb8+ {[%clk 0:35:44]} Kf7
{[%clk 0:01:48]} 66. Rf3+ {[%clk 0:36:04]} Kg7 67. Qe5+ {[%clk 0:36:24]} Kh7
{[%clk 0:00:50]} 68. Rh3+ {[%clk 0:36:49]} Bh5 {[%clk 0:01:03]} 69. Rxh5+
{[%clk 0:37:09]} Kg6 {[%clk 0:01:26]} 70. Rxg5+ {[%clk 0:37:34]} Kh7
{[%clk 0:01:39]} 71. Rxg8 {[%clk 0:37:53]} Kxg8 {[%clk 0:02:03]} 72. Qxe6+
{[%clk 0:38:15]} Kf8 {[%clk 0:01:51]} 73. Qd7 {[%clk 0:38:00]} c3
{[%clk 0:02:06]} 74. g5 {[%clk 0:38:21]} c2 {[%clk 0:02:08]} 75. g6
{[%clk 0:38:37]} c1=Q {[%clk 0:02:08]} 76. Qf7# {[%clk 0:39:01]} 1-0